[Event "Belarus-ch Women 2022"]
[Site "Minsk"]
[Date "2022.01.14"]
[Round "4.4"]
[White "Ajusheva, Renata"]
[Black "Khomich, Maryna"]
[Result "1/2-1/2"]
[WhiteElo "1464"]
[BlackElo "1627"]
[Annotator "NA RC"]
[PlyCount "55"]
[EventDate "2022.01.11"]
[EventType "tourn"]
[EventCountry "BLR"]
[SourceTitle "playchess.com"]
[Source "ChessBase"]
[SourceQuality "1"]
[TimeControl "40/5400+30:1800+30"]

1. d4 {[%emt 0:00:02]} d5 {[%emt 0:00:05]} 2. Nf3 {[%emt 0:00:05]} Nf6 {[%emt 0:00:11]} 3. Bf4 {[%emt 0:00:23]} Bf5 {[%emt 0:01:37]} 4. e3 {[%emt 0:02:22]} e6 {[%emt 0:00:20]} 5. Bd3 {[%emt 0:00:26]} Bxd3 {[%emt 0:00:48]} 6. Qxd3 {[%emt 0:00:05]} c6 {[%emt 0:01:35]} 7. c4 {[%emt 0:01:23]} Be7 {[%emt 0:05:03]} 8. Nc3 {[%emt 0:00:19]} O-O {[%emt 0:00:53]} 9. O-O {[%emt 0:03:35]} a6 {[%emt 0:15:29]} 10. a4 {[%emt 0:00:51]} a5 {[%emt 0:04:04]} 11. h3 {[%emt 0:02:50]} Bd6 {[%emt 0:03:06]} 12. Bxd6 {[%emt 0:00:29]} Qxd6 {[%emt 0:00:05]} 13. Ne5 {[%emt 0:01:18]} Nbd7 {[%emt 0:05:57]} 14. f4 {[%emt 0:00:41]} Qc7 {[%emt 0:03:30]} 15. Rac1 {[%emt 0:02:03]} Rad8 {[%emt 0:05:02]} 16. g4 {[%emt 0:06:12]} dxc4 {[%emt 0:02:18]} 17. Qxc4 {[%emt 0:00:14]} Qb6 {[%emt 0:09:27]} 18. Qe2 {[%emt 0:06:17]} c5 {[%emt 0:01:50]} 19. g5 {[%emt 0:14:16]} Ne8 {[%emt 0:00:13]} 20. Nxd7 {[%emt 0:01:08]} Rxd7 {[%emt 0:00:11]} 21. dxc5 {[%emt 0:02:50]} Qxc5 {[%emt 0:00:13]} 22. Ne4 {[%emt 0:06:13]} Qb6 {[%emt 0:05:48]} 23. Rc8 {[%emt 0:10:09]} Rc7 {[%emt 0:06:38]} 24. Rc1 {[%emt 0:18:05]} Rxc1+ {[%emt 0:01:05]} 25. Rxc1 {[%emt 0:00:08]} Nd6 {[%emt 0:13:47]} 26. Nxd6 {[%emt 0:03:30]} Qxd6 {[%emt 0:00:05]} 27. Kf2 {[%emt 0:01:20]} e5 {[%emt 0:04:29]} 28. Kg3 {[%emt 0:17:16]} 1/2-1/2

[Event "Belarus-ch Women 2022"]
[Site "Minsk"]
[Date "2022.01.14"]
[Round "4.5"]
[White "Zeliantsova, Kseniya"]
[Black "Norman, Kseniya"]
[Result "1-0"]
[WhiteElo "1988"]
[BlackElo "1810"]
[Annotator "TA"]
[PlyCount "91"]
[EventDate "2022.01.11"]
[EventType "tourn"]
[EventCountry "BLR"]
[SourceTitle "playchess.com"]
[Source "ChessBase"]
[SourceQuality "1"]

{[%evp 14,91,3,0,30,16,19,-5,29,31,67,-6,-12,-66,-66,-93,-87,-39,0,0,73,68,309,271,290,297,316,273,282,208,211,214,318,188,199,131,219,245,225,152,142,157,139,143,202,199,276,275,318,205,220,228,247,231,260,272,385,383,391,382,385,383,29984,685,670,629,681,419,1349,1358,1115,1034,4137,4137,11403,9569,29979,29980,29980,29981]} 1. e4 e6 2. d4 d5 3. Nc3 Nf6 4. e5 Nfd7 5. Nce2 c5 6. c3 Nc6 7. f4 b5 8. Nf3 Qb6 {C11: French: Classical System: 4 e5 and 4 Bg5 dxe4.} 9. a3 {[%cal Of4f5]} Be7 {[#]} 10. b4 $146 ({Predecessor:} 10. f5 exf5 11. Nf4 cxd4 12. Nxd5 Qb7 13. cxd4 O-O 14. Qc2 Bd8 15. Ne3 g6 16. Bd2 Bb6 17. Bxb5 Nxd4 18. Nxd4 Bxd4 19. Bc6 Qb8 20. O-O Nxe5 {0-1 (20) Bacrot,E (2718)-Wei,Y (2734) Liaocheng 2018}) 10... cxb4 {The position is equal.} 11. axb4 {[%cal Of4f5]} O-O 12. h4 (12. f5 $1 $14) 12... f6 $11 13. Rh3 (13. Neg1 $11) 13... a5 $15 14. Neg1 Bb7 15. Bd3 {[%cal Od3h7]} f5 (15... axb4 16. Ng5 fxg5 17. Qh5 $17) (15... h6 $5 {[%cal Ra5b4]} 16. bxa5 Rxa5 $17) 16. Ng5 {And now Qh5 would win.} Nxb4 17. cxb4 $16 Qxd4 $2 {This costs Black the game.} ({Black should try} 17... Bxb4+ $14 18. Kf1 h6) 18. Be3 $18 Qxb4+ 19. Kf1 Bxg5 20. hxg5 {Hoping for Qh5.} (20. Rb1 Qe7 $14) 20... d4 21. Bf2 (21. Rb1 $6 Qe7 $16) 21... Rfb8 22. Rb1 (22. Qh5 $6 Nf8 $16) 22... Qc5 (22... Qe7 {was called for.} 23. Rxb5 Nf8) 23. g4 (23. Rxb5 $6 Bxg2+ 24. Kxg2 Rxb5 $18) (23. Bxb5 Be4 24. Bd3 (24. Bxd4 Rxb5 25. Bxc5 Rxb1 $17) 24... Rxb1 25. Bxb1 Bxb1 26. Qxb1 a4 $16) (23. Qh5 Nf8 24. Ne2 (24. Bxb5 $2 Be4 $19) 24... Qd5 25. Rxb5 (25. Nxd4 b4 $16) 25... Qxg2+ 26. Ke1 a4 $16) (23. Rc1 $142 Qa7 24. g4 (24. Qh5 Nf8 $18)) 23... Qd5 24. gxf5 {The board is on fire.} ({White should play} 24. Rxb5 $18 Qg2+ 25. Ke1) 24... Qg2+ (24... Nc5 $16) 25. Ke1 Nc5 26. Bc2 {Qh5 is the strong threat.} (26. Rxb5 Nxd3+ 27. Rxd3 (27. Qxd3 Be4 $14) 27... Rf8) (26. Bxb5 Ba6 27. Qe2 d3 $11) (26. Bxd4 Nxd3+ 27. Rxd3 (27. Qxd3 Be4 $14) 27... Qe4+ 28. Ne2 Qxf5 $16) 26... d3 27. Bxd3 Nxd3+ 28. Rxd3 ({Avoid the trap} 28. Qxd3 $2 Be4 29. Qd1 Bxf5 $19) 28... Qe4+ (28... Bd5 $16) 29. Ne2 Qxf5 (29... Bd5 {might work better.} 30. f6 Bc4) 30. Rxb5 {Strongly threatening Qb1.} Bd5 31. Qb1 Rc8 {White must now prevent ...Be4.} 32. Rc3 Be4 33. Qc1 Rxc3 34. Qxc3 ({Resist} 34. Nxc3 $6 Qh3 $18) 34... Bd3 {[#]} (34... a4 $142 35. Ra5 Rxa5 36. Qxa5 h6 37. gxh6 Bf3) 35. Ng3 $1 {[%mdl 512]} Qg6 36. Rxa5 Rb8 37. Qc7 Qe8 {[#]} (37... Rf8 $18 38. Ra3 h6 39. gxh6 gxh6) 38. Ra7 (38. Nh5 $142 $1 {[%mdl 512]} Qf8 (38... Qf7 39. Qxb8+) 39. Bc5 Rb1+ 40. Kd2 Rb2+ 41. Ke3 (41. Kxd3 {is a self mate.} Qf5+ 42. Kc4 Qc2+ 43. Kd4 Qd2+ 44. Ke4 Qe2+ 45. Kd4 Rd2+ 46. Kc3 Qd3+ 47. Kb4 Rb2+ 48. Ka4 Qb3#) 41... Ba6 42. Bxf8 Rb7 43. Qd8) 38... Qf8 39. Be3 Bg6 40. Qe7 Qf7 (40... Qxe7 $142 41. Rxe7 Re8) 41. Qxf7+ Bxf7 42. f5 exf5 43. Nxf5 Re8 44. Bd4 Rd8 45. e6 Re8 46. Nxg7 {Weighted Error Value: White=0.52/Black=0.80} 1-0

[Event "Belarus-ch Women 2022"]
[Site "Minsk"]
[Date "2022.01.15"]
[Round "5.1"]
[White "Norman, Kseniya"]
[Black "Sidorenja, Milena"]
[Result "1-0"]
[WhiteElo "1810"]
[BlackElo "1510"]
[Annotator "NA"]
[PlyCount "59"]
[EventDate "2022.01.11"]
[EventType "tourn"]
[EventCountry "BLR"]
[SourceTitle "playchess.com"]
[Source "ChessBase"]
[SourceQuality "1"]
[TimeControl "40/5400+30:1800+30"]

1. e4 {[%emt 0:01:58]} c5 {[%emt 0:00:07]} 2. Nf3 {[%emt 0:00:20]} Nc6 {[%emt 0:00:12]} 3. Bb5 {[%emt 0:01:34]} g6 {[%emt 0:00:52]} 4. O-O {[%emt 0:03:55]} Bg7 {[%emt 0:00:13]} 5. Bxc6 {[%emt 0:02:02]} bxc6 {[%emt 0:00:08]} 6. Nc3 {[%emt 0:00:58]} e5 {[%emt 0:00:20]} 7. d3 {[%emt 0:04:26]} Ne7 {[%emt 0:00:15]} 8. Qe2 {[%emt 0:07:57]} O-O {[%emt 0:00:44]} 9. Be3 {[%emt 0:02:22]} d6 {[%emt 0:01:04]} 10. Nd2 {[%emt 0:01:35]} f5 {[%emt 0:00:38]} 11. f4 {[%emt 0:09:16]} g5 {[%emt 0:49:03]} 12. fxe5 {[%emt 0:10:47]} f4 {[%emt 0:00:19]} 13. exd6 {[%emt 0:04:48]} Qxd6 {[%emt 0:00:29]} 14. Nc4 {[%emt 0:01:58]} Qe6 {[%emt 0:12:19]} 15. Bxc5 {[%emt 0:01:39]} g4 {[%emt 0:02:28]} 16. e5 {[%emt 0:07:26]} Ba6 {[%emt 0:16:46]} 17. Bxe7 {[%emt 0:02:31]} Qxe7 {[%emt 0:00:08]} 18. Qxg4 {[%emt 0:04:19]} Bxc4 {[%emt 0:00:17]} 19. dxc4 {[%emt 0:00:10]} Qxe5 {[%emt 0:00:08]} 20. Kh1 {[%emt 0:01:01]} Rae8 {[%emt 0:01:26]} 21. Rad1 {[%emt 0:01:00]} Re6 {[%emt 0:04:59]} 22. h3 {[%emt 0:07:22]} h5 {[%emt 0:03:00]} 23. Qh4 {[%emt 0:04:16]} Rg6 {[%emt 0:03:16]} 24. Rd8 {[%emt 0:03:31]} Rxd8 {[%emt 0:00:06]} 25. Qxd8+ {[%emt 0:00:04]} Kh7 {[%emt 0:00:04]} 26. Qd3 {[%emt 0:01:08]} Qg5 {[%emt 0:01:53]} 27. Qf3 {[%emt 0:01:47]} Bxc3 {[%emt 0:00:58]} 28. bxc3 {[%emt 0:00:02]} Rf6 {[%emt 0:01:42]} 29. Rd1 {[%emt 0:00:58]} Qf5 {[%emt 0:00:34]} 30. Qd3 {[%emt 0:00:40]} 1-0

[Event "Belarus-ch Women 2022"]
[Site "Minsk"]
[Date "2022.01.15"]
[Round "5.2"]
[White "Khomich, Maryna"]
[Black "Zeliantsova, Kseniya"]
[Result "0-1"]
[WhiteElo "1627"]
[BlackElo "1988"]
[Annotator "ChessBase"]
[PlyCount "110"]
[EventDate "2022.01.11"]
[EventType "tourn"]
[EventCountry "BLR"]
[SourceTitle "playchess.com"]
[Source "ChessBase"]
[SourceQuality "1"]
[TimeControl "40/5400+30:1800+30"]

1. Nf3 {[%emt 0:00:02]} g6 {[%emt 0:00:17]} 2. g3 {[%emt 0:00:07]} Bg7 {[%emt 0:00:02]} 3. Bg2 {[%emt 0:00:09]} d6 {[%emt 0:00:13]} 4. d4 {[%emt 0:00:22]} Nd7 {[%emt 0:00:37]} 5. c4 {[%emt 0:01:00]} Ngf6 {[%emt 0:02:29]} 6. O-O {[%emt 0:01:05]} O-O {[%emt 0:00:04]} 7. Nc3 {[%emt 0:00:07]} e5 {[%emt 0:00:23]} 8. e4 {[%emt 0:00:18]} Re8 {[%emt 0:00:48]} 9. h3 {[%emt 0:00:37]} h6 {[%emt 0:01:38]} 10. Re1 {[%emt 0:06:36]} exd4 {[%emt 0:00:50]} 11. Nxd4 {[%emt 0:00:07]} Nc5 {[%emt 0:00:05]} 12. Rb1 {[%emt 0:04:59]} Ne6 {[%emt 0:05:06]} 13. Be3 {[%emt 0:08:09]} Ng5 {[%emt 0:00:55]} 14. Bxg5 {[%emt 0:01:31]} hxg5 {[%emt 0:00:06]} 15. Qd2 {[%emt 0:03:39]} g4 {[%emt 0:03:14]} 16. h4 {[%emt 0:01:14]} Nd7 {[%emt 0:08:45]} 17. Nd5 {[%emt 0:06:56]} Ne5 {[%emt 0:07:42]} 18. b3 {[%emt 0:01:05]} c6 {[%emt 0:07:31]} 19. Ne3 {[%emt 0:08:18]} Qf6 {[%emt 0:03:31]} 20. Rbd1 {[%emt 0:00:48]} Bf8 {[%emt 0:02:47]} 21. Nf1 {[%emt 0:07:32]} a6 {[%emt 0:06:24]} 22. Qf4 {[%emt 0:06:12]} Qh8 {[%emt 0:00:58]} 23. Qc1 {[%emt 0:01:28]} Bh6 {[%emt 0:01:09]} 24. Qa3 {[%emt 0:01:38]} Qf6 {[%emt 0:14:02]} 25. Ne3 {[%emt 0:08:51]} Bf8 {[%emt 0:10:27]} 26. Qa5 {[%emt 0:01:33]} Bd7 {[%emt 0:03:42]} 27. b4 {[%emt 0:12:46]} b5 {[%emt 0:00:32]} 28. Qa3 {[%emt 0:08:38]} bxc4 {[%emt 0:01:52]} 29. Qc3 {[%emt 0:00:56]} Be6 {[%emt 0:00:26]} 30. Kf1 {[%emt 0:02:05]} Nd3 {[%emt 0:02:28]} 31. Re2 {[%emt 0:01:43]} c5 {[%emt 0:01:42]} 32. bxc5 {[%emt 0:00:16]} dxc5 {[%emt 0:00:08]} 33. Nb5 {[%emt 0:00:28]} Qe7 {[%emt 0:00:47]} 34. Na3 {[%emt 0:00:33]} Bg7 {[%emt 0:00:05]} 35. Qc2 {[%emt 0:00:56]} Nb4 {[%emt 0:00:20]} 36. Qa4 {[%emt 0:02:42]} c3 {[%emt 0:00:24]} 37. Nac4 {[%emt 0:02:00]} c2 {[%emt 0:01:13]} 38. Rc1 {[%emt 0:00:46]} Bh6 {[%emt 0:00:13]} 39. Rcxc2 {[%emt 0:01:02]} Nxc2 {[%emt 0:00:11]} 40. Qxc2 {[%emt 0:00:00]} Rab8 {[%emt 0:00:00]} 41. Kg1 {[%emt 0:04:49]} Bxe3 {[%emt 0:04:34]} 42. Rxe3 {[%emt 0:01:27]} Rb4 {[%emt 0:00:12]} 43. Bf1 {[%emt 0:04:55]} Reb8 {[%emt 0:00:57]} 44. Re1 {[%emt 0:02:32]} Qb7 {[%emt 0:04:34]} 45. Bd3 {[%emt 0:02:41]} Bxc4 {[%emt 0:01:15]} 46. Bxc4 {[%emt 0:00:07]} Rb1 {[%emt 0:00:02]} 47. Rf1 {[%emt 0:02:36]} Rxf1+ {[%emt 0:00:39]} 48. Bxf1 {[%emt 0:00:11]} Qc6 {[%emt 0:01:36]} 49. Bc4 {[%emt 0:06:10]} a5 {[%emt 0:01:03]} 50. Bd5 {[%emt 0:06:05]} Qf6 {[%emt 0:00:10]} 51. e5 {[%emt 0:00:43]} Qf5 {[%emt 0:02:24]} 52. Qxc5 {[%emt 0:03:25]} Rb1+ {[%emt 0:00:47]} 53. Kh2 {[%emt 0:01:22]} Re1 {[%emt 0:02:26]} 54. Qc4 {[%emt 0:00:39]} Qxf2+ {[%emt 0:00:05]} 55. Bg2 {[%emt 0:00:08]} Qg1# {[%emt 0:00:03]} 0-1

[Event "Belarus-ch Women 2022"]
[Site "Minsk"]
[Date "2022.01.15"]
[Round "5.3"]
[White "Koishman, Karina"]
[Black "Ajusheva, Renata"]
[Result "1/2-1/2"]
[WhiteElo "1359"]
[BlackElo "1464"]
[Annotator "NA"]
[PlyCount "93"]
[EventDate "2022.01.11"]
[EventType "tourn"]
[EventCountry "BLR"]
[SourceTitle "playchess.com"]
[Source "ChessBase"]
[SourceQuality "1"]
[TimeControl "40/5400+30:1800+30"]

1. d4 {[%emt 0:00:01]} d5 {[%emt 0:00:27]} 2. Nc3 {[%emt 0:00:08]} Nf6 {[%emt 0:00:04]} 3. Bg5 {[%emt 0:00:10]} Nbd7 {[%emt 0:00:06]} 4. f3 {[%emt 0:00:12]} c6 {[%emt 0:00:08]} 5. Qd2 {[%emt 0:00:12]} h6 {[%emt 0:00:13]} 6. Bh4 {[%emt 0:01:07]} b5 {[%emt 0:01:18]} 7. e3 {[%emt 0:04:28]} Nb6 {[%emt 0:02:58]} 8. Bd3 {[%emt 0:05:32]} Nc4 {[%emt 0:02:29]} 9. Bxc4 {[%emt 0:02:22]} bxc4 {[%emt 0:00:04]} 10. e4 {[%emt 0:03:44]} g5 {[%emt 0:02:26]} 11. Bf2 {[%emt 0:02:56]} Rg8 {[%emt 0:03:30]} 12. e5 {[%emt 0:05:01]} Nh5 {[%emt 0:01:05]} 13. Nge2 {[%emt 0:04:31]} g4 {[%emt 0:07:02]} 14. f4 {[%emt 0:05:25]} Bf5 {[%emt 0:01:21]} 15. O-O {[%emt 0:04:07]} e6 {[%emt 0:01:13]} 16. Nd1 {[%emt 0:01:33]} Rb8 {[%emt 0:00:38]} 17. a3 {[%emt 0:07:02]} Be7 {[%emt 0:01:50]} 18. Ne3 {[%emt 0:13:24]} Rxb2 {[%emt 0:09:36]} 19. Nxf5 {[%emt 0:02:38]} exf5 {[%emt 0:00:05]} 20. Rfb1 {[%emt 0:04:40]} Rb6 {[%emt 0:03:26]} 21. a4 {[%emt 0:03:47]} a5 {[%emt 0:04:06]} 22. Qc1 {[%emt 0:03:34]} Kd7 {[%emt 0:00:55]} 23. Be1 {[%emt 0:02:17]} Bb4 {[%emt 0:01:05]} 24. Bxb4 {[%emt 0:01:33]} axb4 {[%emt 0:00:19]} 25. a5 {[%emt 0:00:37]} Rb5 {[%emt 0:00:17]} 26. a6 {[%emt 0:01:15]} Qb6 {[%emt 0:05:42]} 27. c3 {[%emt 0:05:08]} b3 {[%emt 0:01:18]} 28. Qa3 {[%emt 0:00:19]} Qc7 {[%emt 0:00:15]} 29. g3 {[%emt 0:02:03]} Ng7 {[%emt 0:00:35]} 30. Kf2 {[%emt 0:01:41]} Ra8 {[%emt 0:00:18]} 31. Ke3 {[%emt 0:06:39]} Ne6 {[%emt 0:00:25]} 32. h3 {[%emt 0:00:48]} h5 {[%emt 0:02:53]} 33. hxg4 {[%emt 0:00:33]} hxg4 {[%emt 0:00:05]} 34. Rh1 {[%emt 0:01:43]} b2 {[%emt 0:00:23]} 35. Rab1 {[%emt 0:00:15]} Rb3 {[%emt 0:00:10]} 36. Qa2 {[%emt 0:00:47]} Qb6 {[%emt 0:00:12]} 37. Rbg1 {[%emt 0:01:10]} Rxa6 {[%emt 0:00:09]} 38. Qb1 {[%emt 0:00:09]} Ra1 {[%emt 0:00:11]} 39. Qxf5 {[%emt 0:00:12]} Rxg1 {[%emt 0:04:16]} 40. Qxf7+ {[%emt 0:00:00]} Kc8 {[%emt 0:00:00]} 41. Qxe6+ {[%emt 0:03:08]} Kb7 {[%emt 0:00:17]} 42. Rxg1 {[%emt 0:01:21]} b1=Q {[%emt 0:00:36]} 43. Rxb1 {[%emt 0:00:15]} Rxb1 {[%emt 0:00:06]} 44. f5 {[%emt 0:00:40]} Rf1 {[%emt 0:00:40]} 45. Qe7+ {[%emt 0:01:55]} Kc8 {[%emt 0:03:26]} 46. Qe8+ {[%emt 0:00:39]} Kb7 {[%emt 0:00:18]} 47. Qe7+ {[%emt 0:00:14]} 1/2-1/2

[Event "Belarus-ch Women 2022"]
[Site "Minsk"]
[Date "2022.01.15"]
[Round "5.4"]
[White "Poliakova, Varvara"]
[Black "Bendik, Margarita"]
[Result "1-0"]
[WhiteElo "2116"]
[BlackElo "1388"]
[Annotator "ChessBase"]
[PlyCount "67"]
[EventDate "2022.01.11"]
[EventType "tourn"]
[EventCountry "BLR"]
[SourceTitle "playchess.com"]
[Source "ChessBase"]
[SourceQuality "1"]
[TimeControl "40/5400+30:1800+30"]

1. e4 {[%emt 0:00:03]} d5 {[%emt 0:00:37]} 2. exd5 {[%emt 0:00:08]} Qxd5 {[%emt 0:00:03]} 3. Nc3 {[%emt 0:00:06]} Qd6 {[%emt 0:00:06]} 4. d4 {[%emt 0:00:05]} Nf6 {[%emt 0:00:03]} 5. Nf3 {[%emt 0:00:21]} c6 {[%emt 0:00:04]} 6. Ne5 {[%emt 0:02:17]} Nbd7 {[%emt 0:00:05]} 7. f4 {[%emt 0:01:31]} Nb6 {[%emt 0:00:13]} 8. g4 {[%emt 0:02:24]} g6 {[%emt 0:01:33]} 9. Bg2 {[%emt 0:00:11]} Nbd5 {[%emt 0:03:10]} 10. O-O {[%emt 0:02:27]} Bg7 {[%emt 0:05:19]} 11. g5 {[%emt 0:04:47]} Nxc3 {[%emt 0:01:03]} 12. bxc3 {[%emt 0:00:07]} Nd5 {[%emt 0:00:21]} 13. c4 {[%emt 0:03:29]} Nc3 {[%emt 0:00:29]} 14. Qf3 {[%emt 0:07:00]} Bxe5 {[%emt 0:15:54]} 15. fxe5 {[%emt 0:02:58]} Qxd4+ {[%emt 0:00:10]} 16. Kh1 {[%emt 0:02:34]} Qxc4 {[%emt 0:30:46]} 17. e6 {[%emt 0:08:34]} O-O {[%emt 0:04:49]} 18. Bd2 {[%emt 0:05:35]} Nb5 {[%emt 0:01:14]} 19. exf7+ {[%emt 0:03:45]} Rxf7 {[%emt 0:00:42]} 20. Qe3 {[%emt 0:01:14]} Bf5 {[%emt 0:04:26]} 21. a4 {[%emt 0:07:08]} Nc7 {[%emt 0:01:44]} 22. Qe5 {[%emt 0:11:52]} Nd5 {[%emt 0:02:41]} 23. Rae1 {[%emt 0:02:29]} Qxc2 {[%emt 0:13:37]} 24. Bc1 {[%emt 0:00:59]} Nc3 {[%emt 0:02:03]} 25. Be3 {[%emt 0:06:02]} Be4 {[%emt 0:01:17]} 26. Rg1 {[%emt 0:00:35]} Rf5 {[%emt 0:10:10]} 27. Qxe7 {[%emt 0:04:31]} Rf7 {[%emt 0:00:49]} 28. Qe5 {[%emt 0:00:35]} Ne2 {[%emt 0:00:30]} 29. Bxe4 {[%emt 0:01:33]} Qc4 {[%emt 0:00:31]} 30. Rg2 {[%emt 0:02:51]} Raf8 {[%emt 0:00:21]} 31. Rgxe2 {[%emt 0:01:04]} Rf1+ {[%emt 0:00:31]} 32. Kg2 {[%emt 0:00:08]} Rxe1 {[%emt 0:00:37]} 33. Rxe1 {[%emt 0:00:04]} c5 {[%emt 0:00:31]} 34. Bd5+ {[%emt 0:00:06]} 1-0

[Event "Belarus-ch Women 2022"]
[Site "Minsk"]
[Date "2022.01.15"]
[Round "5.5"]
[White "Shaban, Aliaksandra"]
[Black "Liashkevich, Lizaveta"]
[Result "1/2-1/2"]
[WhiteElo "1680"]
[BlackElo "1569"]
[Annotator "NA"]
[PlyCount "106"]
[EventDate "2022.01.11"]
[EventType "tourn"]
[EventCountry "BLR"]
[SourceTitle "playchess.com"]
[Source "ChessBase"]
[SourceQuality "1"]
[TimeControl "40/5400+30:1800+30"]

1. e4 {[%emt 0:00:02]} c5 {[%emt 0:00:09]} 2. c3 {[%emt 0:00:49]} d5 {[%emt 0:00:38]} 3. exd5 {[%emt 0:01:01]} Qxd5 {[%emt 0:00:12]} 4. d4 {[%emt 0:00:10]} Nf6 {[%emt 0:00:43]} 5. Nf3 {[%emt 0:00:44]} Bg4 {[%emt 0:01:07]} 6. Be2 {[%emt 0:00:35]} e6 {[%emt 0:01:31]} 7. h3 {[%emt 0:03:25]} Bh5 {[%emt 0:00:24]} 8. O-O {[%emt 0:00:15]} Nc6 {[%emt 0:01:55]} 9. Be3 {[%emt 0:00:34]} cxd4 {[%emt 0:00:49]} 10. Nxd4 {[%emt 0:01:02]} Bxe2 {[%emt 0:03:37]} 11. Qxe2 {[%emt 0:00:45]} Nxd4 {[%emt 0:10:47]} 12. Bxd4 {[%emt 0:00:55]} Be7 {[%emt 0:01:04]} 13. Nd2 {[%emt 0:02:33]} O-O {[%emt 0:01:46]} 14. Nf3 {[%emt 0:01:44]} Rfd8 {[%emt 0:02:37]} 15. Rfd1 {[%emt 0:00:49]} Qa5 {[%emt 0:02:28]} 16. c4 {[%emt 0:02:17]} Rac8 {[%emt 0:02:58]} 17. a3 {[%emt 0:02:37]} Nd7 {[%emt 0:08:03]} 18. b4 {[%emt 0:01:54]} Qc7 {[%emt 0:00:27]} 19. Rac1 {[%emt 0:00:35]} a5 {[%emt 0:03:09]} 20. c5 {[%emt 0:01:18]} axb4 {[%emt 0:02:51]} 21. axb4 {[%emt 0:02:44]} Bf6 {[%emt 0:04:53]} 22. Qe3 {[%emt 0:08:23]} Qc6 {[%emt 0:09:28]} 23. Qe2 {[%emt 0:03:23]} Qc7 {[%emt 0:03:31]} 24. g3 {[%emt 0:07:45]} h6 {[%emt 0:10:36]} 25. h4 {[%emt 0:02:19]} Re8 {[%emt 0:03:38]} 26. Bxf6 {[%emt 0:05:57]} Nxf6 {[%emt 0:00:07]} 27. Nd4 {[%emt 0:00:17]} Red8 {[%emt 0:04:13]} 28. Nb5 {[%emt 0:01:10]} Qe7 {[%emt 0:00:34]} 29. Nd6 {[%emt 0:02:05]} Rc7 {[%emt 0:01:50]} 30. Rc4 {[%emt 0:04:17]} Rcd7 {[%emt 0:03:23]} 31. Rcd4 {[%emt 0:01:13]} Nd5 {[%emt 0:03:31]} 32. Re1 {[%emt 0:03:17]} Qf6 {[%emt 0:02:38]} 33. Qd3 {[%emt 0:00:58]} Kh8 {[%emt 0:01:59]} 34. Kg2 {[%emt 0:03:24]} Kg8 {[%emt 0:01:06]} 35. Kg1 {[%emt 0:01:59]} Kh8 {[%emt 0:00:18]} 36. b5 {[%emt 0:02:11]} Rxd6 {[%emt 0:08:07]} 37. cxd6 {[%emt 0:00:54]} Rxd6 {[%emt 0:00:02]} 38. Rc4 {[%emt 0:04:22]} g6 {[%emt 0:01:26]} 39. Qe4 {[%emt 0:02:21]} Kg7 {[%emt 0:00:46]} 40. Rc8 {[%emt 0:00:00]} b6 {[%emt 0:00:00]} 41. Qe5 {[%emt 0:05:41]} Qxe5 {[%emt 0:01:34]} 42. Rxe5 {[%emt 0:00:01]} Rd7 {[%emt 0:00:37]} 43. Rc6 {[%emt 0:00:50]} Kf6 {[%emt 0:05:59]} 44. Re1 {[%emt 0:01:34]} Ra7 {[%emt 0:01:08]} 45. Rd1 {[%emt 0:03:07]} Rd7 {[%emt 0:02:37]} 46. Rdc1 {[%emt 0:02:25]} Ra7 {[%emt 0:01:45]} 47. Kf1 {[%emt 0:02:18]} Ra5 {[%emt 0:01:59]} 48. Rb1 {[%emt 0:00:19]} h5 {[%emt 0:00:38]} 49. Rb2 {[%emt 0:01:49]} Ke7 {[%emt 0:00:48]} 50. Ke2 {[%emt 0:01:21]} Kd7 {[%emt 0:00:44]} 51. Kd3 {[%emt 0:02:44]} Rxb5 {[%emt 0:02:00]} 52. Rxb5 {[%emt 0:01:53]} Kxc6 {[%emt 0:00:06]} 53. Kc4 {[%emt 0:01:36]} Kc7 {[%emt 0:03:10]} 1/2-1/2

[Event "Belarus-ch Women 2022"]
[Site "Minsk"]
[Date "2022.01.16"]
[Round "6.1"]
[White "Sidorenja, Milena"]
[Black "Liashkevich, Lizaveta"]
[Result "0-1"]
[WhiteElo "1510"]
[BlackElo "1569"]
[Annotator "NA RC"]
[PlyCount "88"]
[EventDate "2022.01.11"]
[EventType "tourn"]
[EventCountry "BLR"]
[SourceTitle "playchess.com"]
[Source "ChessBase"]
[SourceQuality "1"]
[TimeControl "40/5400+30:1800+30"]

1. e4 {[%emt 0:00:03]} c5 {[%emt 0:00:08]} 2. c3 {[%emt 0:00:10]} d5 {[%emt 0:00:16]} 3. exd5 {[%emt 0:00:08]} Qxd5 {[%emt 0:00:09]} 4. d4 {[%emt 0:00:14]} Nf6 {[%emt 0:00:46]} 5. Nf3 {[%emt 0:00:13]} Nc6 {[%emt 0:01:40]} 6. Be2 {[%emt 0:00:30]} e6 {[%emt 0:01:13]} 7. O-O {[%emt 0:00:19]} cxd4 {[%emt 0:00:55]} 8. cxd4 {[%emt 0:05:11]} Be7 {[%emt 0:04:26]} 9. Nc3 {[%emt 0:00:19]} Qd6 {[%emt 0:01:07]} 10. a3 {[%emt 0:03:48]} a6 {[%emt 0:03:48]} 11. h3 {[%emt 0:02:09]} O-O {[%emt 0:01:48]} 12. Be3 {[%emt 0:00:10]} b5 {[%emt 0:01:35]} 13. Qc2 {[%emt 0:06:47]} Bb7 {[%emt 0:01:27]} 14. Rad1 {[%emt 0:00:29]} Rac8 {[%emt 0:04:33]} 15. Qb1 {[%emt 0:00:23]} Rfd8 {[%emt 0:05:54]} 16. Bd3 {[%emt 0:10:00]} b4 {[%emt 0:09:02]} 17. Na4 {[%emt 0:21:37]} a5 {[%emt 0:20:57]} 18. Nb6 {[%emt 0:02:03]} Rb8 {[%emt 0:02:10]} 19. Nc4 {[%emt 0:02:07]} Qc7 {[%emt 0:01:35]} 20. Rc1 {[%emt 0:17:09]} h6 {[%emt 0:12:00]} 21. Rfd1 {[%emt 0:04:27]} Nd5 {[%emt 0:04:38]} 22. Bh7+ {[%emt 0:03:50]} Kf8 {[%emt 0:00:46]} 23. Nfe5 {[%emt 0:00:14]} Rbc8 {[%emt 0:08:31]} 24. Bxh6 {[%emt 0:05:29]} gxh6 {[%emt 0:01:16]} 25. Nxf7 {[%emt 0:00:09]} Bf6 {[%emt 0:02:33]} 26. Nxd8 {[%emt 0:05:51]} Rxd8 {[%emt 0:00:28]} 27. Qe4 {[%emt 0:04:53]} Qg7 {[%emt 0:02:32]} 28. Rd3 {[%emt 0:05:48]} Rd7 {[%emt 0:07:40]} 29. Bg6 {[%emt 0:00:00]} Nde7 {[%emt 0:00:26]} 30. Nb6 {[%emt 0:00:00]} Rc7 {[%emt 0:00:33]} 31. Rg3 {[%emt 0:00:36]} Nxd4 {[%emt 0:00:27]} 32. Rxc7 {[%emt 0:00:44]} Bxe4 {[%emt 0:00:06]} 33. Nd7+ {[%emt 0:00:06]} Kg8 {[%emt 0:00:20]} 34. Bf7+ {[%emt 0:00:57]} Kxf7 {[%emt 0:00:24]} 35. Rxg7+ {[%emt 0:00:03]} Bxg7 {[%emt 0:00:26]} 36. axb4 {[%emt 0:00:38]} axb4 {[%emt 0:00:02]} 37. Nc5 {[%emt 0:00:44]} Bd5 {[%emt 0:00:18]} 38. Nd3 {[%emt 0:00:24]} b3 {[%emt 0:00:22]} 39. Kf1 {[%emt 0:00:36]} Be4 {[%emt 0:00:53]} 40. Nc5 {[%emt 0:00:00]} Bc2 {[%emt 0:00:00]} 41. Na4 {[%emt 0:02:30]} Be5 {[%emt 0:02:17]} 42. Rb7 {[%emt 0:01:57]} Kf6 {[%emt 0:02:32]} 43. g3 {[%emt 0:01:42]} Be4 {[%emt 0:04:35]} 44. Rb4 {[%emt 0:02:45]} Nd5 {[%emt 0:00:54]} 0-1